Sapere Aude 2019: Společnosť a profese učitele recenzovaný sborník příspěvků vědecké konference s mezinárodní účastí, roč. IX, 27.-29. května 2019, (Hradec Králové, Česko)
Salvato in:
| Enti autori: | , |
|---|---|
| Natura: | Libro |
| Lingua: | ceco slovacco inglese |
| Pubblicazione: |
Hradec Králové
MAGNANIMITAS
2019
|
| Edizione: | 1. vydání |
| Soggetti: | |
| Tags: |
Nessun Tag, puoi essere il primo ad aggiungerne!!
|
MARC
| LEADER | 00000nlm a2200000 4500 | ||
|---|---|---|---|
| 001 | 0258190 | ||
| 005 | 20240826113750.4 | ||
| 020 | |a 978-80-87952-29-0 | ||
| 041 | 0 | |a cze | |
| 041 | 0 | |a slo | |
| 041 | 0 | |a eng | |
| 044 | |a CZ | ||
| 245 | 1 | 0 | |a Sapere Aude 2019: Společnosť a profese učitele |b recenzovaný sborník příspěvků vědecké konference s mezinárodní účastí, roč. IX, 27.-29. května 2019, (Hradec Králové, Česko) |
| 250 | |a 1. vydání | ||
| 264 | 1 | |a Hradec Králové |b MAGNANIMITAS |c 2019 | |
| 300 | |a online 242 s. | ||
| 610 | 2 | 0 | |a pedagogika |
| 610 | 2 | 0 | |a školstvo |
| 610 | 2 | 0 | |a vzdelávanie |
| 610 | 2 | 0 | |a história |
| 610 | 2 | 0 | |a psychológia |
| 610 | 2 | 0 | |a javy sociálne |
| 610 | 2 | 0 | |a výskum |
| 610 | 2 | 0 | |a Európa |
| 110 | 2 | |a Sapere Aude 2019: Společnosť a profese učitele. Mezinárodní vědecká konference | |
| 710 | 2 | |a MAGNANIMITAS - Akademické sdružení | |